000 00446nam a2200157Ia 4500
008 210716s2008 xx 000 0 und d
020 _a9780070668058
041 _aeng
082 _a332.17 SASK
100 _aSasidharan, K;Mathews, Alex K.
245 _aFinancial services and system.
250 _a1
260 _aNew Delhi
_bTata McGraw Hill Publishing Company Ltd
_c2008
300 _axxx,700
650 _aFinancial Institutions & Markets
999 _c203320
_d203320